00908cam a2200265 a 4500952015500000999001700155001000900172003000900181005001700190008004100207010001700248040002300265042000800288050002200296082001300318100003100331245007300362260003900435300002100474490002300495561000800518710005900526906004500585942001200630 00102ddc40718NFICaASLbASLcGENd2020-12-24eDonated by Prof. A. F. A. Husainl0o220 BEAp103430r2020-12-24 00:00:00tC-1w2020-12-24yBKzRARE c20027d2002716732593BDDh-ASL20231015025833.0110412s19491951mdu 000 0 eng  a 2011656426 aDLCcDLCdBDDh-ASL apcc00aPR5363b.A15 1951 a220bBEA1 aShaw, Bernard,d1856-1950.10aAndrocles and the lion :ban old fable renovated /cby Bernard Shaw. aBaltimore :bPenguin Books,c1949. a159 p. ;c18 cm.0 aPenguin books ;v5 5DLC2 aRouben Mamoulian Collection (Library of Congress)5DLC a7bcbccorignewd2encipf20gy-gencatlg 2ddccBK